01848nam a22004337a 4500003000500000005001700005008004100022010001000063011001000073035001000083040000900093090001000102100003600112245014400148260004000292300002200332502007600354590003700430590004100467590004100508590004100549590004100590590004100631590004200672650003400714650003800748650003400786650003100820650003200851901000700883942000900890949003600899949004100935949004100976999001701017952012601034952012601160952012801286CHAP20220329140132.0971013s1977 r 00010 d a47475 a48447 a52593 cCHAP aTesis00aReyes Córdova, Carlos.996794 aDeterminación de la fecha de siembra y población de plantas óptimas para tres variedades de algodonero en el Valle de Juárez, Chih. aChapingo, Méx. :bEl autor,c1977 a52 h.b; gráfs. aTesis (Ing. Agr. Esp. en Fitotecnia) -- ENA. Departamento de Fitotecnia aALEPHb10c20130110lUCH01h1317 aBATCH-UPDb10c20130109lUCH01h2359 aBATCH-UPDb10c20130110lUCH01h1153 aBATCH-UPDb10c20130409lUCH01h1934 aBATCH-UPDb10c20130410lUCH01h0736 aBATCH-UPDb10c20130914lUCH01h0106 aCONVERSIONb10c20130109lUCH01h132614aAlgodonxEspaciamiento.9400814aAlgodonxFechas de siembra.9401314aAlgodónxRendimiento.9405314aAlgodonxVariedades.9406814aAlgodónzChihuahua.94074 aBK cFOLL bBCcTESd-117060eTS1i52593si bBCcTESd-117061eTS2fc.2i52593si bBCcTESd-117063eTS2fc.3i52593si c47475d47475 00102local4053708TESISaBCbBCcPA_TESISd2012-12-17fTESISl0p-117061r2019-12-31 00:00:00tc.2w2019-12-31yTESIS 00102local4053708TESISaBCbBCcPA_TESISd2012-12-17fTESISl0p-117063r2019-12-31 00:00:00tc.3w2019-12-31yTESIS 00102local4051708TESISaBCbBCcPA_TESISd2012-12-17fTESISl0oTesisp-117060r2019-12-31 00:00:00w2019-12-31yTESIS